Normal view
MARC view
- عبدالفتاح،قبيس سعيد/عبدالعزيز مصطفى عبدالكريم/طاهر جاسم التميمي
Entry Personal Name
001 - CONTROL NUMBER
- control field: 15518
003 - CONTROL NUMBER IDENTIFIER
- control field: JO-AjAnu
005 - DATE AND TIME OF LATEST TRANSACTION
- control field: 20230606072757.0
008 - FIXED-LENGTH DATA ELEMENTS
- fixed length control field: 230606|| aca||aabn | a|a d
040 ## - CATALOGING SOURCE
- Original cataloging agency: JO-AjAnu
- Transcribing agency: JO-AjAnu
100 ## - HEADING--PERSONAL NAME
- Personal name: عبدالفتاح،قبيس سعيد/عبدالعزيز مصطفى عبدالكريم/طاهر جاسم التميمي
670 ## - SOURCE DATA FOUND
- Source citation: Work cat.: (JO-AjAnu)7970: عبدالفتاح،قبيس سعيد/عبدالعزيز مصطفى عبدالكريم/طاهر جاسم التميمي, author, مدخل في نظم المعلومات الادارية والاقتصادية=Introduction to Information Systems for Economics and Administration